Saulo, ¿por qué me persigues?: novela sobre San Pablo
Salvato in:
| Autore principale: | |
|---|---|
| Natura: | Libro |
| Lingua: | spagnolo |
| Pubblicazione: |
Barcelona
Apóstrofe
1994
|
| Serie: | Colección Ecumene, 1
|
| Soggetti: | |
| Tags: |
Aggiungi Tag
Nessun Tag, puoi essere il primo ad aggiungerne!!
|
MARC
| LEADER | 00000nam a2200000 a 4500 | ||
|---|---|---|---|
| 001 | UCO7055 | ||
| 003 | CL-VaPUC | ||
| 008 | 001110e19940000SP |||||||||||||||||spa|d | ||
| 082 | 0 | 4 | |a 863 |b CAP |2 21 |
| 100 | 0 | |a Capo, Jesús |e author |9 451692 | |
| 245 | 1 | 0 | |a Saulo, ¿por qué me persigues?: novela sobre San Pablo |
| 300 | |a 190 p | ||
| 942 | |c BK | ||
| 945 | |d 20001110 00:00:00 |a rbrito | ||
| 260 | |a Barcelona |b Apóstrofe |c 1994 | ||
| 650 | 0 | |a Novelas españolas |9 265052 | |
| 583 | |a last modification |c 20151019 10:42:59 |k Rodrigo Vera | ||
| 490 | 0 | |a Colección Ecumene, 1 | |
| 999 | |c 292269 |d 292267 | ||
| 952 | |0 0 |1 0 |4 0 |6 863_000000000000000_CAP_1994 |7 0 |8 A |9 343014 |a BIBEDU |b BIBEDU |d 2019-11-20 |i 3657876 |o 863 CAP 1994 |p 3657876 |r 2019-11-20 |w 2019-11-20 |y BK |k EPE | ||